Jonathan Bolton. Worlds of Dissent: Charter 77, The Plastic People of the Universe, and Czech Culture under Communism
| Titel: | Jonathan Bolton. Worlds of Dissent: Charter 77, The Plastic People of the Universe, and Czech Culture under Communism / Andrew M Drozd |
|---|---|
| Verfasser: | |
| In: |
Slavic and East European journal, Band 57, Heft 4 (2013), Seite 675 alle Artikel anzeigen |
| Veröffentlicht: | 2013 |
| Format: | Aufsatz |
| Sprache: | Englisch |
X
alg: 42495962
001A $06052:16-01-18
001B $01999:27-07-21 $t17:19:46.000
001C $03025:16-01-18 $t08:52:44.000
001D $06052:16-01-18
001U $0utf8
001X $00
002@ $0Aox
003@ $0424959623
006N $000186826
007A $0424959623 $aHEB
007D $asw140425
007I $0swets176360252
010@ $aeng
011@ $a2013
013D $#Newspapers Sections, columns, etc. Reviews $#Book reviewing $#Journaux Cahiers, chroniques, etc. Comptes rendus $#Livres Recension $#Rezension $#Buchbesprechung $#Buchrezension $#Buchkritik $74049712-4 $8Rezension [Ts1] $9085138568
021A $aJonathan Bolton. Worlds of Dissent: Charter 77, The Plastic People of the Universe, and Czech Culture under Communism $hAndrew M Drozd
028A $BVerfasser $#Drozd, Andrew $#Drozd, Andrew M. $4aut $71146307926 $8Drozd, Andrew Michael$Z1963- [Tp3] $9422471542
031A $d57 $e4 $g1 $h675 $j2013
039B $aIn $8--Abvc--. Slavic and East European journal. - Los Angeles, Calif. : AATSEEL of the U.S., 1957-. - ISSN 0037-6752 $x201300000570004325 $904736243X
039T $8--Aau--Bolton, Jonathan$Z1961- [Tp3]. Worlds of dissent. - Cambridge, Mass. {[u.a.] : Harvard Univ. Press, 2012. - 349 S.. - ISBN 978-0-674-06438-6 $9290302234
045F $a900.9437 $eDDC23BSB
045F/01 $a900
045F/03 $g437
045T $a7,39
045T $aLING $qDE-30 $2FID
lok: 42495962 78
exp: 42495962 78 1 #EPN
201B/01 $016-01-18 $t22:47:54.000
201C/01 $016-01-18
201U/01 $0utf8
203@/01 $0101529992X
208@/01 $a16-01-18 $be
209A/01 $a/ $f000 $x00
209A/01 $ab*p $x01
220C/01 $apgar
244Z/01 $#Tschechoslowakei $#Tschechoslowakei $#Tschechische und Slowakische Föderative Republik $#République Tchéco-Slovaque $#Tchécoslovaquie $#Československá Federativní Republika $#Česká a Slovenská Federativní Republika $#Czech and Slovak Federal Republic $#ČSFR $#ČSSR $#ČSR $#RČS $#Československo $#Československá Socialistická Republika $#Československá Republika $#Tschechoslowakische Sozialistische Republik $#Tschechoslowakische Republik $#Tschechoslowakische Föderative Republik $#Republika Československá $#Czechoslovakia $#Čechoslovakische Republik $#République Tchécho-Slovaque $#Tchéchoslovaquie $#Czechoslovak Socialist Republic $#Checoeslovaquia $#Cecoslovacchia $#Čechoslovakija $#République tchécoslovaque $74078435-6 $8--Tg1--Tschechoslowakei $x01 $9085222305
247C/01 $82080>Marburg/Lahn, Herder-Institut, Forschungsbibliothek, Bibliographieportal $9336309341
| LEADER | 00000caa a22000002c 4500 | ||
|---|---|---|---|
| 001 | 424959623 | ||
| 003 | DE-603 | ||
| 005 | 20210727171946.0 | ||
| 007 | tu | ||
| 008 | 180116s2013 xx |||| | u00||u|eng c | ||
| 035 | |a (DE-599)HEB424959623 | ||
| 035 | |a (NL-LiSWE)00186826 | ||
| 040 | |a DE-603 |b ger |c DE-603 |d DE-603 | ||
| 041 | |a eng | ||
| 082 | 0 | 4 | |8 1\u |a 900.9437 |q DE-101 |2 23/BSB |
| 084 | |a 7,39 |2 ssgn | ||
| 084 | |a LING |q DE-30 |2 fid | ||
| 085 | |8 1\u |b 900 | ||
| 085 | |8 1\u |z 2 |s 437 | ||
| 100 | 1 | |a Drozd, Andrew Michael |d 1963- |e Verfasser |4 aut |0 (DE-603)422471542 |0 (DE-588)1146307926 |2 gnd | |
| 245 | 0 | 0 | |a Jonathan Bolton. Worlds of Dissent: Charter 77, The Plastic People of the Universe, and Czech Culture under Communism |c Andrew M Drozd |
| 264 | 0 | |c 2013 | |
| 655 | 7 | |a Rezension |2 gnd-content |0 (DE-588)4049712-4 |0 (DE-603)085138568 | |
| 773 | 0 | 8 | |i In |t Slavic and East European journal |d Los Angeles, Calif. : AATSEEL of the U.S., 1957- |x 0037-6752 |g Band 57, Heft 4 (2013), Seite 675 |w (DE-603)04736243X |w (DE-600)219226-3 |
| 787 | 0 | 8 | |i Rezension von |a Bolton, Jonathan, 1961- |t Worlds of dissent |d Cambridge, Mass. [u.a.] : Harvard Univ. Press, 2012 |h 349 S., 24x16x2 cm |z 9780674064386 |z 0674064380 |w (DE-603)290302234 |
| 924 | 0 | |9 2080 |a (DE-603)101529992X |b DE-2080 |c HES |d d |g / | |


